000 01002cam a22003498i 4500
001 17755277
003 OSt
005 20180423185849.0
008 130529s2013 mau b 001 0 eng
010 _a 2013014187
020 _a9780273776208 (alk. paper)
020 _z9780273776284 (PDF)
020 _z9780273776215 (eText)
040 _aDLC
_beng
_cDLC
_erda
_dDLC
042 _apcc
050 0 0 _aTS155
_b.S562 2013
082 0 0 _a658 SLA 2013
_223
100 1 _aSlack, Nigel; Brandon-Jones, Alistair; Johnston, Robert,
_91382
245 1 0 _aOperations Management
250 _a7th ed.
263 _a1306
264 1 _aBoston :
_bPearson,
_c2013.
300 _apages cm
336 _atext
_2rdacontent
337 _aunmediated
_2rdamedia
338 _avolume
_2rdacarrier
504 _aIncludes bibliographical references and index.
650 0 _aProduction management.
_91383
650 0 _aManagement .
_9619
906 _a7
_bcbc
_corignew
_d1
_eecip
_f20
_gy-gencatlg
942 _2z
_cSLOAN
999 _c536
_d536